[Event "CRO-chT2 South"]
[Site "Croatia"]
[Date "2014.04.27"]
[Round "3.5"]
[White "Prlac, Vedran"]
[Black "Saric, Luka"]
[Result "1/2-1/2"]
[WhiteElo "2179"]
[BlackElo "1894"]
[PlyCount "40"]
[EventDate "2014.04.25"]
[EventType "team-tourn"]
[EventRounds "9"]
[EventCountry "CRO"]
[SourceTitle "EXT 2019"]
[Source "ChessBase"]
[SourceDate "2018.10.10"]
[SourceVersion "1"]
[SourceVersionDate "2018.10.10"]
[SourceQuality "1"]

1. Nf3 Nf6 2. c4 c6 3. Nc3 d5 4. e3 e6 5. b3 Be7 6. g4 h6 7. Bb2 b6 8. Rg1 g5 9. Qc2 Bb7 10. cxd5 cxd5 11. Ne5 a6 12. Na4 b5 13. Nc5 Bxc5 14. Qxc5 Nbd7 15. Qd6 Rg8 16. a4 bxa4 17. Rxa4 Nxe5 18. Qxe5 Nd7 19. Qd4 e5 20. Qb4 Qc7 1/2-1/2

[Event "CRO-Cup 19th"]
[Site "Sibenik"]
[Date "2010.05.23"]
[Round "6"]
[White "Prlac, Vedran"]
[Black "Sertic, Rudolf"]
[Result "0-1"]
[WhiteElo "2177"]
[BlackElo "2380"]
[PlyCount "84"]
[EventDate "2010.05.19"]
[EventType "team-tourn"]
[EventRounds "6"]
[EventCountry "CRO"]
[SourceTitle "CBM 136 Extra"]
[Source "ChessBase"]
[SourceDate "2010.07.02"]
[SourceVersion "2"]
[SourceVersionDate "2010.07.15"]
[SourceQuality "1"]

1. d4 Nf6 2. c4 c5 3. dxc5 e6 4. e3 Bxc5 5. a3 0-0 6. b4 Be7 7. Bb2 b6 8. Nf3 Bb7 9. Bd3 d6 10. 0-0 Nbd7 11. Nbd2 Rc8 12. Rc1 Rc7 13. Qb3 Qa8 14. Rfd1 Rfc8 15. Bf1 a6 16. Qa2 Bf8 17. Qa1 h6 18. h3 Ne4 19. Nxe4 Bxe4 20. Be2 Qb7 21. Ne1 Bc6 22. Bf1 b5 23. Rd4 e5 24. Rdd1 f6 25. Qa2 Kh8 26. cxb5 axb5 27. Qe6 Nb6 28. Rxc6 Qxc6 29. Qf5 d5 30. f3 Nc4 31. Bc1 Re8 32. Nd3 Qe6 33. Qh5 Qf7 34. Qxf7 Rxf7 35. Nxe5 Rxe5 36. f4 Ree7 37. Rxd5 Nxe3 38. Rxb5 Nxf1 39. Kxf1 Rb7 40. Ra5 Ra7 41. Rb5 Rfb7 42. Rc5 Bxc5 0-1

[Event "CRO-Cup 19th"]
[Site "Sibenik"]
[Date "2010.05.22"]
[Round "5"]
[White "Brigljevic, Milan"]
[Black "Prlac, Vedran"]
[Result "1/2-1/2"]
[WhiteElo "2281"]
[BlackElo "2177"]
[PlyCount "26"]
[EventDate "2010.05.19"]
[EventType "team-tourn"]
[EventRounds "6"]
[EventCountry "CRO"]
[SourceTitle "CBM 136 Extra"]
[Source "ChessBase"]
[SourceDate "2010.07.02"]
[SourceVersion "2"]
[SourceVersionDate "2010.07.15"]
[SourceQuality "1"]

1. d4 c5 2. e3 Nf6 3. Nf3 d5 4. Bd3 cxd4 5. exd4 Bg4 6. h3 Bh5 7. 0-0 Nc6 8. c3 Qc7 9. Re1 e6 10. Nbd2 Be7 11. Qa4 Bg6 12. Bxg6 hxg6 13. Ne5 0-0 1/2-1/2

[Event "CRO-Cup 19th"]
[Site "Sibenik"]
[Date "2010.05.19"]
[Round "1"]
[White "Prlac, Vedran"]
[Black "Kurajica, Bojan"]
[Result "1/2-1/2"]
[WhiteElo "2177"]
[BlackElo "2525"]
[PlyCount "89"]
[EventDate "2010.05.19"]
[EventType "team-tourn"]
[EventRounds "6"]
[EventCountry "CRO"]
[SourceTitle "CBM 136 Extra"]
[Source "ChessBase"]
[SourceDate "2010.07.02"]
[SourceVersion "2"]
[SourceVersionDate "2010.07.15"]
[SourceQuality "1"]

1. e4 c5 2. Nf3 Nc6 3. Bb5 Qb6 4. Nc3 e6 5. Bxc6 bxc6 6. d3 d5 7. 0-0 Nf6 8. Qe2 Be7 9. b3 0-0 10. Bg5 h6 11. Na4 Qd8 12. Bh4 Nd7 13. Bxe7 Qxe7 14. e5 Nb6 15. Nb2 a5 16. a4 Ba6 17. Nd2 f6 18. f4 fxe5 19. Qxe5 Rf5 20. Qe3 Raf8 21. Rae1 Bc8 22. g3 g5 23. fxg5 hxg5 24. Rxf5 Rxf5 25. Nd1 g4 26. Qh6 Qg5 27. Qxg5+ Rxg5 28. h4 gxh3 29. Kh2 Kf7 30. Nf3 Rf5 31. Ne5+ Ke7 32. Nxc6+ Kd6 33. Na7 Bd7 34. Kxh3 e5 35. Kg2 Rh5 36. Nf2 Rh8 37. c4 e4 38. cxd5 exd3 39. Nxd3 c4 40. bxc4 Nxc4 41. Nc6 Kxd5 42. Nce5 Nxe5 43. Nxe5 Bxa4 44. Ra1 Kxe5 45. Rxa4 1/2-1/2

[Event "Mediterranean op 2nd"]
[Site "Rijeka"]
[Date "2008.12.06"]
[Round "9"]
[White "Prlac, Vedran"]
[Black "Zelic, Mladen"]
[Result "1/2-1/2"]
[WhiteElo "2121"]
[BlackElo "2319"]
[PlyCount "37"]
[EventDate "2008.11.29"]
[EventType "swiss"]
[EventRounds "9"]
[EventCountry "CRO"]
[SourceTitle "CBM 127 Extra"]
[Source "ChessBase"]
[SourceDate "2009.01.08"]
[SourceVersion "2"]
[SourceVersionDate "2009.01.28"]
[SourceQuality "1"]

1. Nf3 f5 2. d4 Nf6 3. b3 g6 4. Bb2 Bg7 5. Nbd2 0-0 6. g3 d6 7. Bg2 Nc6 8. 0-0 Qe8 9. Re1 e5 10. dxe5 dxe5 11. e4 f4 12. Nc4 fxg3 13. fxg3 Be6 14. Ncxe5 Ng4 15. Nd3 Bxb2 16. Nxb2 Rd8 17. Nd3 Nd4 18. Nxd4 Rxd4 19. Qe2 1/2-1/2

[Event "Mediterranean op 2nd"]
[Site "Rijeka"]
[Date "2008.12.05"]
[Round "8"]
[White "Ramesa, Davor"]
[Black "Prlac, Vedran"]
[Result "1/2-1/2"]
[WhiteElo "2299"]
[BlackElo "2121"]
[PlyCount "98"]
[EventDate "2008.11.29"]
[EventType "swiss"]
[EventRounds "9"]
[EventCountry "CRO"]
[SourceTitle "CBM 127 Extra"]
[Source "ChessBase"]
[SourceDate "2009.01.08"]
[SourceVersion "2"]
[SourceVersionDate "2009.01.28"]
[SourceQuality "1"]

1. Nf3 g6 2. d4 Bg7 3. e4 d6 4. Nc3 Nf6 5. h3 c6 6. Bg5 0-0 7. Qd2 d5 8. Bd3 dxe4 9. Nxe4 Bf5 10. Nxf6+ exf6 11. Be3 Bxd3 12. Qxd3 Na6 13. 0-0 Qd7 14. a3 Nc7 15. Rfd1 a6 16. Rac1 Rad8 17. c4 Rfe8 18. a4 Bf8 19. Qb3 b5 20. Ne1 Rc8 21. Nd3 bxc4 22. Qxc4 Nd5 23. Bd2 Qb7 24. b4 Bd6 25. Nc5 Bxc5 26. Qxc5 Rc7 27. Re1 Rxe1+ 28. Rxe1 Rc8 29. Rc1 Kg7 30. b5 axb5 31. axb5 Ne7 32. Re1 Nd5 33. Rc1 Ne7 34. b6 Nd5 35. Rb1 Rb8 36. Be1 Nf4 37. Qd6 Ne6 38. Bc3 Rd8 39. Qb4 Rd5 40. Qa4 Rd8 41. Qa1 Rd5 42. Qa7 Rd7 43. Qxb7 Rxb7 44. g3 Kf8 45. d5 cxd5 46. Bxf6 Ke8 47. Rd1 d4 48. Bxd4 Nxd4 49. Rxd4 Rxb6 1/2-1/2

[Event "CRO Cup 17th"]
[Site "Sibenik"]
[Date "2008.05.23"]
[Round "3"]
[White "Prlac, Vedran"]
[Black "Ivankovic, Ivo"]
[Result "1/2-1/2"]
[WhiteElo "2100"]
[BlackElo "2125"]
[PlyCount "33"]
[EventDate "2008.05.21"]
[EventType "swiss"]
[EventRounds "5"]
[EventCountry "CRO"]
[SourceTitle "CBM 124 Extra"]
[Source "ChessBase"]
[SourceDate "2008.07.03"]
[SourceVersion "1"]
[SourceVersionDate "2008.07.03"]
[SourceQuality "1"]

1. e4 c5 2. Nf3 d6 3. Bb5+ Bd7 4. Bxd7+ Qxd7 5. c4 Nc6 6. Nc3 g6 7. d4 cxd4 8. Nxd4 Bg7 9. Nde2 Nf6 10. f3 0-0 11. 0-0 Rfd8 12. Bg5 Rac8 13. b3 Ne8 14. Qd2 Nc7 15. Rab1 Ne6 16. Bh4 Ncd4 17. Nd5 1/2-1/2

[Event "CRO Cup 17th"]
[Site "Sibenik"]
[Date "2008.05.22"]
[Round "2"]
[White "Drmic, Tomislav"]
[Black "Prlac, Vedran"]
[Result "1-0"]
[WhiteElo "2250"]
[BlackElo "2100"]
[PlyCount "137"]
[EventDate "2008.05.21"]
[EventType "swiss"]
[EventRounds "5"]
[EventCountry "CRO"]
[SourceTitle "CBM 124 Extra"]
[Source "ChessBase"]
[SourceDate "2008.07.03"]
[SourceVersion "1"]
[SourceVersionDate "2008.07.03"]
[SourceQuality "1"]

1. e4 c5 2. c3 Nf6 3. e5 Nd5 4. Nf3 Nc6 5. d4 cxd4 6. cxd4 d6 7. Be2 e6 8. 0-0 Be7 9. a3 0-0 10. b4 dxe5 11. dxe5 b6 12. Qb3 Bb7 13. Rd1 Qb8 14. Bb2 Nf4 15. Bf1 Ng6 16. Qe3 Rd8 17. Nbd2 Bf8 18. Nc4 Nce7 19. Nd4 Nd5 20. Qg3 a6 21. Nf3 Ra7 22. h4 b5 23. Na5 Ba8 24. h5 Nge7 25. Nd4 Rc7 26. Bd3 Rdc8 27. Rac1 Rxc1 28. Rxc1 Rxc1+ 29. Bxc1 Qb6 30. Nab3 Nc6 31. Nf3 Qc7 32. Bb2 f5 33. Nbd4 Nd8 34. Ne2 Bb7 35. Qh3 Qd7 36. Bd4 Nc6 37. Qg3 Nxd4 38. Nfxd4 Nc3 39. Qe3 Nxe2+ 40. Bxe2 Be7 41. Bf3 Kf7 42. Bxb7 Qxb7 43. Qb3 Qc8 44. Kh2 Qc4 45. Qxc4 bxc4 46. Kg3 Bd8 47. f4 g6 48. hxg6+ hxg6 49. Kf3 Bb6 50. Nc2 Ke7 51. Ke2 Kd7 52. Ne3 Kc6 53. Nxc4 Bg1 54. Nd6 Bh2 55. Kf3 g5 56. g3 gxf4 57. Kxf4 Bg1 58. a4 Bd4 59. Nxf5 exf5 60. Kxf5 Bc3 61. b5+ axb5 62. axb5+ Kxb5 63. Ke6 Kc6 64. g4 Bd2 65. Kf6 Kd5 66. e6 Bb4 67. g5 Kd6 68. Kf7 Ke5 69. g6 1-0

[Event "CRO Cup 17th"]
[Site "Sibenik"]
[Date "2008.05.21"]
[Round "1"]
[White "Prlac, Vedran"]
[Black "Franciskovic, Borka"]
[Result "1/2-1/2"]
[WhiteElo "2100"]
[BlackElo "2240"]
[PlyCount "45"]
[EventDate "2008.05.21"]
[EventType "swiss"]
[EventRounds "5"]
[EventCountry "CRO"]
[SourceTitle "CBM 124 Extra"]
[Source "ChessBase"]
[SourceDate "2008.07.03"]
[SourceVersion "1"]
[SourceVersionDate "2008.07.03"]
[SourceQuality "1"]

1. e4 c6 2. Nf3 d5 3. Nc3 Bg4 4. h3 Bxf3 5. Qxf3 e6 6. g3 Nd7 7. d3 Bb4 8. Bd2 d4 9. Nb1 Qb6 10. b3 a5 11. a4 Ngf6 12. Bg2 0-0 13. 0-0 Qc5 14. Qd1 b5 15. Bc1 bxa4 16. bxa4 Rfb8 17. Nd2 Bc3 18. Ra2 Bxd2 19. Qxd2 Qb4 20. Qe2 Qb1 21. c3 Qb6 22. cxd4 Qxd4 23. Be3 1/2-1/2

[Event "Bizovac Metalis op 15th"]
[Site "Bizovac"]
[Date "2008.02.23"]
[Round "6"]
[White "Mestrovic, Zvonimir"]
[Black "Prlac, Vedran"]
[Result "1/2-1/2"]
[WhiteElo "2310"]
[BlackElo "2082"]
[PlyCount "85"]
[EventDate "2008.02.21"]
[EventType "swiss"]
[EventRounds "7"]
[EventCountry "CRO"]
[SourceTitle "CBM 122 Extra"]
[Source "ChessBase"]
[SourceDate "2008.03.04"]
[SourceVersion "1"]
[SourceVersionDate "2008.03.04"]
[SourceQuality "1"]

1. e4 c5 2. c3 Nf6 3. e5 Nd5 4. d4 cxd4 5. Nf3 Nc6 6. Bc4 Nb6 7. Bb3 d5 8. exd6 Qxd6 9. cxd4 e6 10. 0-0 Be7 11. Nc3 0-0 12. Nb5 Qd8 13. Bf4 Bd7 14. Bc7 Qc8 15. Bxb6 axb6 16. Rc1 Qb8 17. Qe2 Bf6 18. Rfd1 Ra5 19. Nc3 Nb4 20. a3 Nd5 21. Nxd5 exd5 22. Ne5 Be6 23. f4 Rc8 24. Bc2 Qd6 25. g4 g6 26. Kh1 Raa8 27. Qe3 Bg7 28. Qf3 f6 29. Nd3 Rc4 30. Bb3 Rxd4 31. f5 Bf7 32. Nb4 Rxd1+ 33. Rxd1 Rf8 34. Bxd5 Qe5 35. Qe4 Qxb2 36. fxg6 hxg6 37. Qxg6 Qxa3 38. Qe4 Qa4 39. Re1 Kh8 40. Bxf7 Rxf7 41. Qc4 Rf8 42. Re3 Kh7 43. Kg2 1/2-1/2

[Event "Porec op"]
[Site "Porec"]
[Date "2007.12.06"]
[Round "1"]
[White "Brecevac, Viktor"]
[Black "Prlac, Vedran"]
[Result "0-1"]
[WhiteElo "1600"]
[BlackElo "2093"]
[PlyCount "54"]
[EventDate "2007.12.06"]
[EventType "swiss"]
[EventRounds "7"]
[EventCountry "CRO"]
[SourceTitle "CBM 121 Extra"]
[Source "ChessBase"]
[SourceDate "2008.01.10"]
[SourceVersion "1"]
[SourceVersionDate "2008.01.10"]
[SourceQuality "1"]

1. e4 c5 2. Nf3 e6 3. Nc3 a6 4. d4 cxd4 5. Nxd4 Qc7 6. Be3 Nf6 7. f3 b5 8. a3 Bb7 9. Bd3 Be7 10. Qd2 d6 11. h4 Nbd7 12. g4 Ne5 13. 0-0-0 Nfd7 14. Nb3 Nxf3 15. Qf2 Nfe5 16. Rhf1 Bc6 17. Bd4 Rb8 18. g5 a5 19. Na2 0-0 20. c3 b4 21. axb4 axb4 22. Qc2 bxc3 23. Nxc3 Nxd3+ 24. Rxd3 Ne5 25. Bxe5 dxe5 26. Re3 Rfc8 27. Rf2 Qb6 0-1

[Event "CRO-chT 16th"]
[Site "Sibenik"]
[Date "2007.05.18"]
[Round "2"]
[White "Prlac, Vedran"]
[Black "Jukic, Zdenko"]
[Result "1/2-1/2"]
[WhiteElo "2118"]
[BlackElo "2315"]
[PlyCount "83"]
[EventDate "2007.05.17"]
[EventType "team-tourn"]
[EventRounds "5"]
[EventCountry "CRO"]
[SourceTitle "CBM 118 Extra"]
[Source "ChessBase"]
[SourceDate "2007.07.04"]
[SourceVersion "1"]
[SourceVersionDate "2007.07.04"]
[SourceQuality "1"]

1. e4 d5 2. exd5 Qxd5 3. Nc3 Qd6 4. Bc4 c6 5. Nge2 Nf6 6. d4 Bg4 7. f3 Bf5 8. Bb3 e6 9. Bf4 Qd8 10. Ng3 Bg6 11. Nce4 Nd5 12. Bd2 Nd7 13. Qe2 Be7 14. c4 N5f6 15. Bc3 Qc7 16. 0-0 0-0 17. Rad1 Rfe8 18. Rfe1 Rad8 19. Bc2 Nf8 20. Nxf6+ Bxf6 21. Ne4 Bxe4 22. Qxe4 Ng6 23. g3 Nf8 24. Kg2 g6 25. Qe3 Bg7 26. b3 c5 27. dxc5 Bxc3 28. Qxc3 Qxc5 29. b4 Qc7 30. f4 Rxd1 31. Bxd1 Rc8 32. Be2 Nd7 33. Rc1 Nb6 34. a3 Nd5 35. Qd4 b6 36. Bf3 Ne7 37. c5 Nf5 38. Qc3 Rd8 39. Rd1 Rxd1 40. Bxd1 h5 41. Bf3 bxc5 42. bxc5 1/2-1/2

[Event "Omis op"]
[Site "Omis"]
[Date "2006.10.07"]
[Round "7"]
[White "Cahtarevic, Ferid"]
[Black "Prlac, Vedran"]
[Result "0-1"]
[WhiteElo "1810"]
[BlackElo "2115"]
[PlyCount "122"]
[EventDate "2006.10.04"]
[EventType "swiss"]
[EventRounds "7"]
[EventCountry "CRO"]
[SourceTitle "CBM 114 Extra"]
[Source "ChessBase"]
[SourceDate "2006.11.03"]
[SourceVersion "1"]
[SourceVersionDate "2006.11.03"]
[SourceQuality "1"]

1. d4 Nf6 2. c4 c5 3. e3 cxd4 4. exd4 d5 5. Nc3 Nc6 6. Be3 g6 7. Bd3 Bg7 8. Nf3 0-0 9. h3 Nb4 10. Be2 dxc4 11. Bxc4 Nbd5 12. 0-0 b6 13. Rc1 Bb7 14. Qe2 a6 15. a3 b5 16. Ba2 Qd6 17. Nd2 Nxc3 18. Rxc3 Rac8 19. Rfc1 Rxc3 20. Rxc3 Rc8 21. Rxc8+ Bxc8 22. Qf3 Qc7 23. Ne4 Bb7 24. Nxf6+ Bxf6 25. Bd5 Bxd5 26. Qxd5 Qd6 27. Qb7 Kg7 28. Qe4 e6 29. b4 Qd5 30. Qf4 h5 31. Qh6+ Kg8 32. Qf4 Be7 33. Qb8+ Kg7 34. Qa7 Qd6 35. g3 Bf6 36. h4 Qc6 37. Qc5 Qxc5 38. dxc5 Kf8 39. Bc1 Ke8 40. Kf1 Kd7 41. Ke2 Kc6 42. Kd3 Kd5 43. f3 Be5 44. f4 Bd4 45. Ke2 Bc3 46. Kf3 a5 47. bxa5 Bxa5 48. Bb2 f5 49. Bc1 Kxc5 50. Be3+ Kc4 51. Ke2 Bc3 52. Bc1 Bd4 53. Bd2 Bb2 54. Bb4 Kb3 55. Kd3 Bxa3 56. Bc3 Bc5 57. Be1 Bg1 58. Bc3 Bf2 59. Bf6 Ka4 60. Ke2 Bxg3 61. Ke3 Be1 0-1

[Event "Omis op"]
[Site "Omis"]
[Date "2006.10.06"]
[Round "4"]
[White "Prlac, Vedran"]
[Black "Bozanic, Ivica"]
[Result "0-1"]
[WhiteElo "2115"]
[BlackElo "2250"]
[PlyCount "69"]
[EventDate "2006.10.04"]
[EventType "swiss"]
[EventRounds "7"]
[EventCountry "CRO"]
[SourceTitle "CBM 114 Extra"]
[Source "ChessBase"]
[SourceDate "2006.11.03"]
[SourceVersion "1"]
[SourceVersionDate "2006.11.03"]
[SourceQuality "1"]

1. e4 e6 2. d4 d5 3. Nd2 Nf6 4. e5 Nfd7 5. Bd3 b6 6. Ngf3 Ba6 7. Bxa6 Nxa6 8. 0-0 Be7 9. c4 c6 10. Qa4 Qc8 11. a3 Qb7 12. Re1 b5 13. cxb5 cxb5 14. Qb3 Qc6 15. Nf1 h6 16. Ne3 Nb6 17. Qd3 Rc8 18. Bd2 Nb8 19. Rec1 Qd7 20. Rxc8+ Nxc8 21. Nc2 Nb6 22. b3 0-0 23. Bb4 Bxb4 24. Nxb4 a5 25. Na2 Rc8 26. Rc1 Rxc1+ 27. Nxc1 Qc6 28. Na2 a4 29. Nd2 axb3 30. Qxb3 Nc4 31. Nxc4 dxc4 32. Qb2 Qe4 33. h3 Nc6 34. Qxb5 Nxd4 35. a4 0-1

[Event "Omis op"]
[Site "Omis"]
[Date "2005.10.12"]
[Round "4"]
[White "Prlac, Vedran"]
[Black "Brumen, Dinko"]
[Result "0-1"]
[WhiteElo "2157"]
[BlackElo "2362"]
[PlyCount "77"]
[EventDate "2005.10.10"]
[EventType "swiss"]
[EventRounds "9"]
[EventCountry "CRO"]
[SourceTitle "CBM 108 Extra"]
[Source "ChessBase"]
[SourceDate "2005.11.04"]
[SourceVersion "1"]
[SourceVersionDate "2005.11.04"]
[SourceQuality "1"]

1. e4 e6 2. d4 d5 3. Nd2 dxe4 4. Nxe4 Bd7 5. Bg5 Be7 6. Qd2 Bc6 7. Bxe7 Qxe7 8. Ng5 Nd7 9. 0-0-0 Ngf6 10. f4 0-0-0 11. Bd3 Kb8 12. c3 Nb6 13. N5f3 Bd5 14. Kb1 c5 15. Ne2 Bxf3 16. gxf3 g6 17. Qe3 c4 18. Bc2 Nbd5 19. Qe5+ Qc7 20. Be4 Rhe8 21. Ng3 Nxe4 22. fxe4 Nxf4 23. Qxc7+ Kxc7 24. Rdf1 e5 25. dxe5 g5 26. h4 h6 27. hxg5 hxg5 28. Rh7 Rd7 29. Nh5 Nxh5 30. Rxh5 Rxe5 31. Rh7 Rxe4 32. Rfxf7 Rxf7 33. Rxf7+ Kc6 34. Kc2 Re5 35. b3 Re2+ 36. Kb1 g4 37. Rg7 Re1+ 38. Kc2 Re4 39. Kd2 0-1

[Event "CRO Cup 14th"]
[Site "Sibenik"]
[Date "2005.05.31"]
[Round "3"]
[White "Prlac, Vedran"]
[Black "Barbaric Vuk, Tadija"]
[Result "1-0"]
[WhiteElo "2143"]
[BlackElo "2174"]
[PlyCount "101"]
[EventDate "2005.05.30"]
[EventType "team-tourn"]
[EventRounds "7"]
[EventCountry "CRO"]
[SourceTitle "CBM 106 Extra"]
[Source "ChessBase"]
[SourceDate "2005.07.01"]
[SourceVersion "1"]
[SourceVersionDate "2005.07.01"]
[SourceQuality "1"]

1. e4 d6 2. d4 Nf6 3. Nc3 g6 4. Nf3 Bg7 5. h3 0-0 6. Be3 c6 7. Bd3 Qc7 8. 0-0 e5 9. a4 Nbd7 10. Bc4 Nxe4 11. Bxf7+ Rxf7 12. Nxe4 d5 13. Neg5 Re7 14. dxe5 Nxe5 15. Nxe5 Qxe5 16. c3 Bd7 17. Nf3 Qh5 18. Bd4 Re4 19. Bxg7 Kxg7 20. Re1 Rae8 21. Rxe4 Rxe4 22. Nd4 Qe5 23. f3 Rh4 24. Qe1 Qf6 25. b4 Rh5 26. Ra2 Re5 27. Re2 Rxe2 28. Qxe2 Qg5 29. Kf2 Kf7 30. Qe3 Qh4+ 31. Kf1 a5 32. f4 axb4 33. cxb4 Qe7 34. Qxe7+ Kxe7 35. a5 Kd6 36. Nb3 d4 37. Ke2 c5 38. Nxc5 Bc6 39. g4 Kd5 40. Kd3 Bb5+ 41. Kd2 Kc4 42. Nxb7 Kxb4 43. Nd8 Kc5 44. Ne6+ Kb4 45. Nxd4 Ba6 46. Ke3 Kxa5 47. Ke4 Kb4 48. Ne6 Bc8 49. Ke5 h5 50. g5 h4 51. f5 1-0

[Event "CRO Cup 14th"]
[Site "Sibenik"]
[Date "2005.05.30"]
[Round "1"]
[White "Prlac, Vedran"]
[Black "Jankovic, Alojzije"]
[Result "1-0"]
[WhiteElo "2143"]
[BlackElo "2480"]
[PlyCount "111"]
[EventDate "2005.05.30"]
[EventType "team-tourn"]
[EventRounds "7"]
[EventCountry "CRO"]
[SourceTitle "CBM 106 Extra"]
[Source "ChessBase"]
[SourceDate "2005.07.01"]
[SourceVersion "1"]
[SourceVersionDate "2005.07.01"]
[SourceQuality "1"]

1. e4 c5 2. Nf3 Nc6 3. Bb5 Nf6 4. Qe2 g6 5. 0-0 a6 6. Bxc6 dxc6 7. h3 Bg7 8. Re1 Nd7 9. c3 0-0 10. d4 cxd4 11. cxd4 e5 12. Be3 exd4 13. Bxd4 Bxd4 14. Nxd4 Ne5 15. Nf3 Nd3 16. Rd1 Nf4 17. Qc2 Qf6 18. Nbd2 g5 19. e5 Qh6 20. Ne4 Bf5 21. Rd6 Qg7 22. Qc4 h6 23. a3 Kh8 24. Nf6 Be6 25. Qe4 Qg6 26. Qxg6 Nxg6 27. Rad1 c5 28. Rb6 Rab8 29. Rdd6 Rfd8 30. Rxb7 Kg7 31. Rxb8 Rxb8 32. Nd7 Rb5 33. b4 cxb4 34. axb4 Bxd7 35. Rxd7 Nxe5 36. Nxe5 Rxe5 37. Rd6 Re1+ 38. Kh2 Re6 39. Rxe6 fxe6 40. Kg3 Kf6 41. f4 Kf5 42. fxg5 Kxg5 43. Kf3 Kh4 44. Kf4 Kh5 45. g3 Kg6 46. Ke5 Kf7 47. g4 Kg6 48. h4 Kf7 49. g5 h5 50. Kd6 e5 51. Kxe5 Ke7 52. g6 Ke8 53. Kf6 Kf8 54. g7+ Kg8 55. Kg6 a5 56. b5 1-0